De lo Contencioso Administrativo (Record no. 46990)

MARC details
000 -LEADER
campo de control de longitud fija 00601nam a2200145 i 4500
001 - NÚMERO DE CONTROL
campo de control 46990
003 - IDENTIFICADOR DE NÚMERO DE CONTROL
campo de control ES-MaACL
007 - CAMPO FIJO DE DESCRIPCIÓN FÍSICA--INFORMACIÓN GENERAL
campo de control de longitud fija t|
008 - DATOS DE LONGITUD FIJA--INFORMACIÓN GENERAL
campo de control de longitud fija 030402s1953 sp ||||1| spa d
245 00 - MENCIÓN DEL TÍTULO
Título De lo Contencioso Administrativo
Resto del título : texto refundido de la Ley aprobado por Decreto de 8 de febrero de 1952 y Reglamento sobre Procedimiento... con la Jurisprudencia dictada hasta el 31 de diciembre de 1951 /
Mención de responsabilidad, etc. Francisco Pera Verdaguer.
260 ## - PUBLICACIÓN, DISTRIBUCIÓN, ETC.
Lugar de publicación, distribución, etc. Barcelona :
Nombre del editor, distribuidor, etc. Bosch,
Fecha de publicación, distribución, etc. [1953] (
Fabricante Clarasó)
300 ## - DESCRIPCIÓN FÍSICA
Extensión 548 p. ;
Dimensiones 16 cm.
700 1# - ENTRADA AGREGADA--NOMBRE PERSONAL
Nombre de persona Pera Verdaguer, Francisco.
9 (RLIN) 90340
852 ## - LOCALIZACIÓN
Ubicación ES-MaACL
Número de control de estantería C-8954
Sublocalización o colección R.37079
Holdings
Estatus retirado Estado de pérdida Estado de daño No para préstamo Biblioteca de origen Biblioteca actual Ubicación en estantería Fecha de adquisición Fuente de adquisición Total de préstamos Signatura topográfica completa Código de barras Visto por última vez Precio de reemplazo Tipo de ítem Koha
        Biblioteca del Ateneo de Madrid Biblioteca del Ateneo de Madrid Sala Palomar 17/01/2008     C-8954 1049424 23/02/2023 23/02/2023 Libro impreso